000 00367nam a2200133 4500
005 20260530113857.0
100 1 _aDesign Council, Great Britain
_931900
245 1 0 _aKitchen Planning Notes
264 1 _bDesign Council / The Design Centre
_c1979
300 _a14 páginas
336 _atexto
_2rdacontent
337 _asin medio
_2rdamedia
338 _avolumen
_2rdacarrier
999 _c11678
_d11678